A Study to Assess the Likely Impacts on Southern African and EU Producers of Further Liberalising the Trade, Development and Co-operation Agreement (TDCA) by Granting South Africa Duty Free Access to the EU (Record no. 3004)
[ view plain ]
| 000 -LEADER | |
|---|---|
| fixed length control field | 00421nam a22001097a 4500 |
| 008 - FIXED-LENGTH DATA ELEMENTS--GENERAL INFORMATION | |
| fixed length control field | 230629b xxu||||| |||| 00| 0 eng d |
| 082 ## - DEWEY DECIMAL CLASSIFICATION NUMBER | |
| Classification number | 338.9 |
| Item number | THO |
| 245 ## - TITLE STATEMENT | |
| Title | A Study to Assess the Likely Impacts on Southern African and EU Producers of Further Liberalising the Trade, Development and Co-operation Agreement (TDCA) by Granting South Africa Duty Free Access to the EU |
| 300 ## - PHYSICAL DESCRIPTION | |
| Extent | IV,52p |
| 440 ## - SERIES STATEMENT/ADDED ENTRY--TITLE | |
| Number of part/section of a work | 3 |
| 942 ## - ADDED ENTRY ELEMENTS (KOHA) | |
| Source of classification or shelving scheme | Dewey Decimal Classification |
| Koha item type | Books |
| Withdrawn status | Lost status | Source of classification or shelving scheme | Damaged status | Not for loan | Home library | Current library | Date acquired | Total Checkouts | Full call number | Barcode | Date last seen | Price effective from | Koha item type |
|---|---|---|---|---|---|---|---|---|---|---|---|---|---|
| Dewey Decimal Classification | County Hall Archives | County Hall Archives | 06/29/2023 | 338.9 THO | 10010371 | 06/29/2023 | 06/29/2023 | Books |
